[Event "ISR-chT"]
[Site "Israel"]
[Date "1999.04.16"]
[Round "8"]
[White "Alterman, Boris"]
[Black "Oratovsky, Michael"]
[Result "1-0"]
[WhiteElo "2616"]
[BlackElo "2480"]
[Annotator "Alterman,B"]
[PlyCount "73"]
[EventDate "1999.01.??"]
[EventType "team"]
[EventRounds "11"]
[EventCountry "ISR"]
[SourceTitle "CBM 070"]
[Source "ChessBase"]
[SourceDate "1999.06.08"]
[SourceVersion "1"]
[SourceVersionDate "1999.06.08"]
[SourceQuality "1"]

1. Nf3 g6 2. c4 Bg7 3. d4 f5 4. g3 Nf6 5. Bg2 O-O 6. O-O d6 7. Nc3 Nc6 8. d5
Na5 9. Nd2 c5 10. a3 $1 b6 $6 (10... Bd7 $1 {Tal} 11. Qc2 (11. b4 cxb4 12. axb4
Nxc4 $1 13. Nxc4 Qc7 $1 14. Qb3 (14. Qd3 Rfc8 15. Nxd6 exd6 16. Nb5 Qb6 17. Na3
Ng4 {1/2-1/2 Svirin,O-Levada,I/Novgorod op 1995/EXP 49}) 14... Rfc8 $17 {B/I})
(11. Rb1 a6 (11... Ng4 12. e3 a6 13. Qc2 b5 14. cxb5 axb5 15. b4 cxb4 16. axb4
Rc8 17. Bb2 Nc4 18. Nxc4 Rxc4 19. Qb3 Qb6 20. Ne2 Bxb2 21. Qxb2 Re8 22. Rfc1
Ne5 23. Rxc4 {1/2-1/2 Reeves,T-Reilly,T/Doeberl Cup Canberra 1996/EXP 51 (31)})
12. Qc2 b5 13. cxb5 axb5 14. b4 cxb4 15. Rxb4 Qc7 16. Qd3 Rab8 17. Nxb5 Qc5 18.
Nb3 Bxb5 19. Nxc5 Bxd3 20. Nxd3 Rxb4 21. axb4 Nc4 22. Bg5 Ra8 23. Rc1 Nb6 24.
Bxf6 $18 {1-0 Baburin,A-Ellison,D/Isle of Man op 1995/EXT 97 (35)}) 11... Qc7 (
11... a6 12. b4 cxb4 13. axb4 Nxc4 14. Nxc4 Rc8 15. Nd2 Qb6 16. Qb3 Ng4 17. Bb2
Ne3 18. Rfc1 Bh6 19. fxe3 Bxe3+ 20. Kh1 Bxd2 21. Rc2 Bh6 22. Bc1 $13 {1/2-1/2
Johansen,D-Lin Ta/Asia zt 1990/EXT 90b (44)}) 12. b3 a6 13. Bb2 b5 14. Nd1 {
/\ 15.cb ab 16.b4 M} (14. Rab1 Rab8 (14... bxc4 15. bxc4 Rab8 16. e3 Rb7 17.
Ne2 Rfb8 18. Bc3 Rxb1 19. Rxb1 Rxb1+ 20. Qxb1 Ng4 21. Bxg7 Kxg7 22. h3 Ne5 23.
Qc2 $14 {Neverov,V-Tseitlin,M/Voskresensk 1990/CBM 19/1/2-1/2 (61)}) 15. Nd1 {M
}) 14... bxc4 15. bxc4 Rab8 16. Bc3 Ng4 (16... Rb7 {B}) (16... e5 $2 17. dxe6
Bxe6 18. Qa4 $1 $16 {M}) 17. Bxg7 Kxg7 18. Qc3+ Kg8 19. Nb2 Rb7 20. Nd3 Rfb8
21. Rab1 Rxb1 22. Rxb1 Rxb1+ 23. Nxb1 Qb6 24. Nd2 Nf6 25. h3 $1 {B} Kf7 $6 {M}
(25... Nb7 {/\ Nd8-f7->g5 M}) 26. Kh2 $16 {Botvinnik,M-Matulovic,M/Belgrade
URS-World 1970/MCL 01/1/2-1/2 (63) M}) (10... e5 11. b4 $16 {Botvinnik=:B}) (
10... Ng4 11. Qc2 Ne5 12. b3 a6 13. Bb2 Bd7 14. f4 Ng4 15. Nd1 Bxb2 16. Qxb2 b5
17. cxb5 Bxb5 18. h3 Nf6 19. Re1 Rb8 20. Qc3 Be8 21. Kh2 Bf7 22. Qd3 Qc8 23.
Qc3 Qc7 24. b4 Nb7 25. Qc4 Rfc8 26. Qa2 cxb4 27. axb4 Qb6 28. e4 $13 {0-1
Koerholz,L-Ioseliani,N/Praha Mladi 1994/EXT 94 (43)}) 11. Qc2 (11. Rb1 Ng4 (
11... Rb8 12. b4 Nb7 13. Bb2 Bd7 14. e3 Qe8 15. Qe2 e5 16. dxe6 Bxe6 17. Nb5
Qf7 18. Nxa7 Na5 19. Nc6 Nxc6 20. Bxc6 Rbc8 21. b5 Rxc6 22. bxc6 Qc7 23. e4
Qxc6 24. e5 dxe5 25. Bxe5 Re8 26. Rfe1 Bc8 27. Qf3 $18 {1-0 Montero Martinez,
C-Araya,R/Asuncion 1991/EXT 97 (39)}) 12. Qc2 Ne5 13. b3 f4 14. Nf3 Nxf3+ 15.
Bxf3 Bf5 16. Be4 Bh3 17. Bg2 Qd7 18. Ne4 Be5 19. Bb2 Bxg2 20. Kxg2 Qf5 21. Bxe5
Qxe5 22. f3 b5 23. Qd2 $14 {1-0 Izsak,G-Siebrecht,S/Elekes mem Budapest 1994/
EXP 41 (34)}) 11... Bd7 (11... a6 12. b4 Nb7 13. Bb2 Rb8 14. b5 Na5 15. a4 axb5
16. axb5 e5 17. dxe6 Bxe6 18. Ra4 Qd7 19. e4 Rbe8 20. Nd5 {1/2-1/2 Bobotsov,
M-Cobo Arteaga,E/Capablanca mem 1963/MCD-r6 (27)}) (11... Ba6 12. b3 Rb8 13.
Bb2 Qd7 14. a4 e5 15. dxe6 Qxe6 16. e4 fxe4 17. Ncxe4 Bb7 18. Rae1 Qd7 19. Bxf6
Bxf6 20. Nxf6+ Rxf6 21. Bxb7 Nxb7 22. Ne4 $16 {1-0 Orsag,M-Kolcak,M/CSR-ch
Bratislava 1991/EXT 91ch (39)}) 12. b3 a6 13. Bb2 Rb8 (13... Qe8 14. Rab1 Rc8
15. e3 b5 16. Ne2 g5 17. f4 Qh5 18. Nf3 h6 19. Rbe1 Nb7 20. Nc3 b4 21. Nd1 bxa3
22. Bxa3 Rb8 23. Nc3 Na5 24. Rb1 Rb7 $132 {0-1 Vianin,P-Joksic,S/Sion 1990/EXT
90 (40)}) (13... b5 14. Nd1 Rb8 15. Bc3 e5 16. dxe6 Bxe6 17. Ne3 Re8 18. Rfd1
Bh6 19. cxb5 axb5 20. b4 Bxe3 21. fxe3 Nb7 22. Qd3 Ng4 23. Nf1 Qe7 24. Qxb5 Bb3
$36 {Vianin,P-Keserovic,M/Geneve op 1991/EXP 21/0-1 (49)}) 14. e3 b5 15. Rab1
Qc8 16. Ne2 Nb7 17. Nf4 {[%cal Gf4e6]} Nd8 (17... e6) 18. Rfc1 {[%cal Gc1c7]
[%mdl 36] Strong move.White will wait for the moment to open line in the Qeen
side,where black has a lot of problem to find a place for knight "d8"} Nf7 19.
Ba1 {[%cal Gb3b4]} Qe8 20. b4 $1 {Now this is a very strong.} cxb4 21. axb4
bxc4 22. Nxc4 Nd8 23. Na5 {[%csl Rc6][%cal Ga5c6]} Rc8 24. Qa2 Rxc1+ 25. Rxc1
g5 26. Ne2 (26. Ne6 Nxe6 27. dxe6 Bb5) 26... Qf7 27. Rc7 Bb5 28. Nd4 f4 29. e4
(29. Nf5 Ne8 30. g4 $3 Nxc7 31. Bxg7 {[%cal Gf5h6]} Qe8 32. Bxf8 Qxf8 33. Nc6
$16 {[%cal Gc6d8,Gc6d4,Rc6e7,Ya2g8]}) 29... fxg3 30. hxg3 Qh5 31. f3 Ng4 (31...
Nxe4 32. Rxe7 (32. Nxb5)) 32. fxg4 Qxg4 33. Qb3 $1 Be5 34. Nac6 Bxc6 35. dxc6+
e6 36. Rd7 Nxc6 37. Nxe6 1-0

[Event "Linares 09th"]
[Site "Linares"]
[Date "1991.??.??"]
[Round "9"]
[White "Jussupow, Artur"]
[Black "Gurevich, Mikhail"]
[Result "1-0"]
[WhiteElo "2605"]
[BlackElo "2650"]
[Annotator "Anand,V"]
[PlyCount "72"]
[EventDate "1991.02.??"]
[EventType "tourn"]
[EventRounds "13"]
[EventCountry "ESP"]
[EventCategory "17"]
[SourceTitle "CBM 022"]
[Source "ChessBase"]
[SourceDate "1991.06.01"]
[SourceVersion "1"]
[SourceVersionDate "1991.06.01"]
[SourceQuality "1"]

1. d4 {Schussler} d6 2. g3 g6 3. Bg2 Bg7 4. Nf3 f5 5. O-O Nf6 6. c4 O-O 7. Nc3
Nc6 8. d5 Na5 9. Qa4 c5 10. dxc6 Nxc6 11. Rd1 Qa5 12. Qb3 Qb4 {= according to
theory but Artur radically changes the assessment of the position} 13. Qxb4
Nxb4 14. Nd4 Ng4 (14... Rb8 15. a3 Na6 16. Ncb5 $16) 15. Rb1 $1 Ne5 16. Bg5 $1
Kf7 17. Ncb5 $1 {Blow after blow} Bf6 (17... Nxc4 18. a3 Na6 19. Bd5+ $18) 18.
Bh6 Rd8 19. Nc7 Rb8 20. a3 Nec6 (20... Nbc6 21. Bd5+ $18) 21. axb4 $1 Nxd4 22.
Be3 e5 23. Bd5+ Ke7 24. Bxd4 exd4 25. Nb5 Be6 26. Bxe6 Kxe6 27. Nxa7 $1 Ra8 28.
Nb5 Ra4 29. b3 Ra2 30. Kf1 Kd7 31. Nxd4 Re8 32. e3 f4 33. gxf4 Bh4 34. Ne2 Kc6
35. Rd5 Rea8 36. Rbd1 Be7 {and Black resigned. An impressive performance by
Artur} 1-0

[Event "SRB Central-ch op-A 7th"]
[Site "Paracin"]
[Date "2014.07.08"]
[Round "6"]
[White "Atalik, Suat"]
[Black "Rapport, Richard"]
[Result "1/2-1/2"]
[WhiteElo "2550"]
[BlackElo "2701"]
[Annotator "Atalik,S"]
[PlyCount "39"]
[EventDate "2014.07.04"]
[EventType "swiss"]
[EventRounds "9"]
[EventCountry "SRB"]
[SourceTitle "CBM 163"]
[Source "ChessBase"]
[SourceDate "2014.11.11"]
[SourceVersion "1"]
[SourceVersionDate "2014.11.11"]
[SourceQuality "1"]

1. d4 d6 2. Nf3 g6 3. c4 f5 4. Nc3 Nf6 5. g3 Bg7 6. Bg2 O-O 7. O-O Nc6 8. d5
Ne5 (8... Na5 9. Qa4 c5 10. dxc6 Nxc6 (10... bxc6 11. c5 $1) 11. Rd1 Qb6 12.
Qc2 $1 $14 {is another line.}) 9. Qb3 $5 {I have always believed in this move
but I have never seriously analysed it.} Nfd7 (9... Ned7 10. Qc2 (10. Be3 Nc5
11. Qa3 $14) 10... a5 11. Bg5 Nc5 12. Rad1 Bd7 13. Nd4 Qe8 14. Rfe1 {Later
this year Richard lost a game like this to Illescas Cordoba.}) (9... Nxf3+ 10.
Bxf3 $1 Nd7 11. Bg2 $14) 10. Be3 $5 (10. Nxe5 dxe5 (10... Nxe5 11. Be3) (10...
Bxe5 11. Bh6) 11. Be3 f4 12. Bd2 Nc5 13. Qa3 b6 14. b4 Nb7 15. Qb3 $16 {
looks really anti- positional.}) 10... b6 $5 {The most common move.} (10... Ng4
11. Bd4) (10... Nc5 11. Bxc5 Nxf3+ (11... dxc5 12. Nxe5 Bxe5 13. f4 $14) 12.
exf3 $1 dxc5 13. f4 $36 e5 $140 14. dxe6 c6 15. Rad1 Qe7 16. Rfe1 Bd4 17. Ne2
Bg7 18. Nc1 Rf6 19. Nd3 Rxe6 20. Ne5 $14) 11. Nb5 Nc5 12. Qc2 Bd7 (12... a5 13.
Nfd4) 13. Nxe5 $1 $146 {It is surprising that it has never been played.} Bxe5 (
13... dxe5 14. Rad1) 14. f4 (14. Bd4 $2 Bxb5 15. Bxe5 Ba4 $17 {does not work})
({but} 14. a4 a5 15. f4 Bf6 16. Rae1 $14 {was an alternative.}) 14... Bf6 15.
b4 $5 {An inspirational exchange sac.} (15. a4 $145 $14) 15... Ne4 $5 (15...
Bxa1 16. Rxa1 $44) 16. Nd4 c5 $1 17. dxc6 Bxd4 18. Bxd4 Bxc6 19. Rfd1 Qe8 20.
a4 $13 1/2-1/2

[Event "Rostov on Don op"]
[Site "Rostov on Don"]
[Date "1993.??.??"]
[Round "?"]
[White "Moskalenko, Viktor"]
[Black "Yagupov, Igor"]
[Result "1-0"]
[WhiteElo "2555"]
[BlackElo "2415"]
[Annotator "Belov,I"]
[PlyCount "69"]
[EventDate "1993.05.??"]
[EventType "swiss"]
[EventRounds "9"]
[EventCountry "RUS"]
[SourceTitle "CBM 036"]
[Source "ChessBase"]
[SourceDate "1993.10.01"]
[SourceVersion "1"]
[SourceVersionDate "1993.10.01"]
[SourceQuality "1"]

1. c4 f5 2. d4 Nf6 3. g3 g6 4. Bg2 Bg7 5. Nf3 d6 6. b3 O-O 7. Bb2 Ne4 (7... Qe8
$5 8. O-O Na6) 8. O-O Nc6 9. Nc3 $5 (9. Ne1 Ng5 10. e3 e5 11. d5 Ne7 12. f4 Nf7
13. Nc3 g5 14. Nd3 $14 {Csom,I-Holm,M Skopje 1972 Inf 14/122/}) (9. Nbd2 Nxd2 (
9... e6 10. Qc2 d5 11. Rad1 a5 12. Ne5 Nb4 13. Qb1 Nxd2 14. Rxd2 $14 {Bagirov,
V-Vaiser,A Palma de Mallorca 1989 Inf 48/137/}) (9... e5 10. d5 Nxd2 11. Qxd2 (
11. dxc6 $5) 11... Nb8 12. Ng5 Qe7 13. Rad1 Na6 $1 $13 {Moutousis,
K-Santo-Roman,M Athens 1992 Inf 54/87/}) 10. Qxd2 e5 11. dxe5 dxe5 12. Qd5+ Kh8
13. Qxd8 Rxd8 14. Ng5 Rd2 15. Bc3 Rc2 16. Rac1 $14 {Ftacnik,L-Henley,R
Hastings 1982 Inf 35/140/}) 9... Nxc3 10. Bxc3 e5 11. Rc1 $5 $146 (11. dxe5
dxe5 12. Qd5+ Kh8 13. Qxd8 Rxd8 14. Ng5 Re8 15. Bxc6 bxc6 16. Rad1 $14) 11...
Qe7 12. e3 g5 (12... Nd8 $5 13. d5 Nf7 14. b4 e4 15. Bxg7 Kxg7 16. Nd4 Ne5 $15)
13. Ne1 g4 $6 (13... e4 {/\g4,Nd8-f7-g5-f3/} 14. f4 exf3 15. Qxf3 $14) 14. Nd3
$1 exd4 15. exd4 Nxd4 (15... Bxd4 $2 16. Bxc6 Bxc3 17. Bd5+ $18) 16. Re1 Qg5 $6
(16... Qd8 $5 17. Nf4 $44) 17. Nf4 c5 (17... Nc6 18. Bxg7 Kxg7 19. c5 $1 $14)
18. Ne2 $1 Qf6 (18... Nxe2+ 19. Rxe2 Bxc3 20. Rxc3 f4 (20... Qf6 21. Rd3 Rd8
22. Red2 $16) 21. Qd5+ Qxd5 22. Bxd5+ Kh8 23. Re7 $16) 19. Nxd4 cxd4 20. Bb2
$16 f4 21. Bd5+ Kh8 22. Qd2 f3 23. Re4 Bf5 24. Bxd4 Qd8 (24... Qg6 25. Re7) 25.
Bxg7+ Kxg7 26. Qd4+ Kg6 (26... Rf6 27. Rf4 Kg6 28. Re1 {/\29.Rg4+-/}) 27. Rce1
$1 $18 Bxe4 28. Rxe4 h5 29. Re6+ Rf6 $8 30. Qe4+ Kh6 31. Qf4+ Kg6 32. Qe4+ Kh6
33. Re7 Rg6 34. Bf7 Rf6 (34... Rg7 35. Re6+) 35. Be8 $1 1-0

[Event "Match/Team URS-World 20,5-19,5"]
[Site "Belgrade"]
[Date "1970.04.04"]
[Round "4.8"]
[White "Botvinnik, Mikhail"]
[Black "Matulovic, Milan"]
[Result "1/2-1/2"]
[WhiteElo "2640"]
[BlackElo "2560"]
[Annotator "Botvinnik/Matulovic"]
[PlyCount "126"]
[EventDate "1970.03.29"]
[EventType "team"]
[EventRounds "4"]
[EventCountry "YUG"]
[SourceTitle "MCL"]
[Source "ChessBase"]
[SourceDate "1999.07.01"]
[SourceVersion "1"]
[SourceVersionDate "1999.07.01"]
[SourceQuality "1"]
[WhiteTeam "Soviet Union"]
[BlackTeam "World"]
[WhiteTeamCountry "URS"]
[TimeControl "40/9000:16/5400:0"]

1. Nf3 g6 2. c4 Bg7 3. d4 f5 4. g3 Nf6 5. Bg2 O-O 6. O-O d6 7. Nc3 Nc6 8. d5
Na5 (8... Ne5 {Gligoric-Larsen} 9. Nxe5 dxe5 10. e4 $16 {Matulovic=:M}) 9. Nd2
c5 10. a3 (10. Qc2 $143 {M}) 10... Bd7 {Tal} (10... e5 11. b4 $16 {Botvinnik=:B
}) 11. Qc2 (11. b4 cxb4 12. axb4 Nxc4 $1 13. Nxc4 Qc7 $1 14. Qb3 Rfc8 $17 {B/I}
) 11... Qc7 12. b3 a6 13. Bb2 b5 14. Nd1 {/\ 15.cb ab 16.b4 M} (14. Rab1 Rab8
15. Nd1 {M}) 14... bxc4 15. bxc4 Rab8 16. Bc3 Ng4 (16... Rb7 {B}) (16... e5 $2
17. dxe6 Bxe6 18. Qa4 $1 $16 {M}) 17. Bxg7 Kxg7 18. Qc3+ Kg8 19. Nb2 Rb7 20.
Nd3 Rfb8 21. Rab1 Rxb1 22. Rxb1 Rxb1+ 23. Nxb1 Qb6 24. Nd2 Nf6 25. h3 $1 {B}
Kf7 $6 {M} (25... Nb7 {/\ Nd8-f7->g5 M}) 26. Kh2 $16 {M} Nb7 27. e4 $6 {
[%eval -32767,0] /\ 28.e5 M} fxe4 $8 28. Nxe4 Nd8 (28... Qb1 29. Nd2 Qa2 (29...
Qd1 30. Bf3) 30. Nc1 $18 {B}) 29. Ng5+ (29. Nf4 $142 {[%eval -32767,0] /\
Ng5-h7, Qh8,/g4-g5 B}) 29... Ke8 30. Nf4 Nf7 31. Nfe6 (31. Nxh7 Nxh7 32. Qg7
Nf8 33. Be4 Ne5 {B}) 31... Nxg5 32. Nxg5 Qb1 $14 {M} 33. Be4 Qa2 $1 {B} (33...
Qf1 34. Qb2 {B}) 34. Kg2 Bf5 $2 {M} (34... Ba4 $1 {/\ 35... Ne4 =/+ M}) 35.
Bxf5 gxf5 36. Qd3 (36. Ne6 Qxf2+ {B}) 36... h6 37. Ne6 Ne4 (37... Kf7 {B}) 38.
Qf3 Qxc4 39. Qh5+ Kd7 40. Qxf5 Nf6 $1 {B adjourned} 41. Nxc5+ Ke8 (41... Kd8 {
41... Kc7} 42. Ne6+ {[%eval 0,0] /\ 43.Nf4}) 42. Qg6+ Kd8 43. Ne6+ Kd7 44. Nf4
Nxd5 45. Qxh6 (45. Qf5+ Kc6 46. Qc8+ Nc7 {B} (46... Kb5 47. a4+)) 45... Qe4+
46. Kh2 Qe1 (46... Qf3 47. Qe6+ {B}) (46... Nxf4 47. Qxf4 Qxf4 48. gxf4 Ke6 49.
Kg3 Kf5 50. Kf3 {B}) 47. Nd3 Qc3 48. Qg6 Qxa3 49. h4 (49. g4 {[%eval 0,0] /\ g5
}) 49... Qc3 50. h5 Qf6 51. Qg4+ (51. Qxf6 $10 {M}) 51... e6 52. Qa4+ Ke7 53.
Qxa6 Qf3 (53... Qf5 {B}) 54. Qa7+ Kd8 (54... Ke8 $6 {/\ Qg6+ M}) (54... Kf6 55.
Qh7 $16 {M}) 55. Qh7 Nf6 56. Qh8+ Kd7 57. Qg7+ Kc6 58. h6 Ng4+ 59. Kg1 Qd1+ (
59... Nxh6 $2 60. Qxh6 Qxd3 61. Qxe6 {B/M}) 60. Kg2 Qe2 61. Kh3 (61. Qc3+ Kd7
62. Qd4 e5 63. Qa7+ Ke6 64. h7 Qxd3 65. Qa2+ {B}) (61. Qg5 e5 62. h7 Qe4+ 63.
Kg1 Qxh7 64. Nb4+ Kb5 65. Qxg4 Qb1+ 66. Kg2 Qxb4 $10 {M}) 61... Nxh6 62. Qxh6
Qxd3 63. Qxe6 Qf1+ 1/2-1/2

[Event "Interzonal-15"]
[Site "Manila"]
[Date "1990.??.??"]
[Round "5"]
[White "Lobron, Eric"]
[Black "Lin, Ta"]
[Result "1-0"]
[WhiteElo "2535"]
[BlackElo "2435"]
[Annotator "ChessBase"]
[PlyCount "85"]
[EventDate "1990.06.29"]
[EventType "swiss"]
[EventRounds "13"]
[EventCountry "PHI"]
[SourceTitle "CBM 019"]
[Source "ChessBase"]
[SourceDate "1990.12.01"]
[SourceVersion "1"]
[SourceVersionDate "1990.12.01"]
[SourceQuality "1"]

1. c4 f5 2. Nf3 Nf6 3. g3 d6 4. d4 g6 5. Bg2 Bg7 6. O-O O-O 7. Nc3 Nc6 8. d5
Na5 9. Nd2 c5 10. dxc6 bxc6 11. Rb1 Be6 12. b3 Qc7 13. Bb2 Kh8 14. Qc1 Rac8 (
14... Bg8 $142 $5 15. e4 f4 $5 {Lin,Ta} (15... e5)) 15. e4 Bg8 16. exf5 gxf5
17. Ne2 c5 18. Qc2 e6 19. Rbd1 Nc6 20. Nf3 $14 Rcd8 21. Nh4 Ne7 22. Rfe1 Qc8
23. Rd2 Bf7 24. Bc3 Qc7 25. Nf4 e5 26. Nxf5 Nxf5 27. Qxf5 Rde8 28. Nh3 Bg6 29.
Qg5 Ng8 30. Qg4 Nh6 31. Qd1 Nf5 32. Ng5 Bh6 33. h4 Nd4 34. b4 Qd8 35. bxc5 dxc5
36. Re3 Bxg5 37. hxg5 Qxg5 38. Qe1 h6 39. Rb2 Re7 40. f4 Qg4 41. Rxe5 Rxe5 42.
Qxe5+ Kh7 43. Kf2 1-0

[Event "Dos Hermanas"]
[Site "Dos Hermanas"]
[Date "1994.??.??"]
[Round "3"]
[White "Gelfand, Boris"]
[Black "Topalov, Veselin"]
[Result "1-0"]
[WhiteElo "2685"]
[BlackElo "2640"]
[Annotator "Dautov,R"]
[PlyCount "95"]
[EventDate "1994.04.??"]
[EventType "tourn"]
[EventRounds "9"]
[EventCountry "ESP"]
[EventCategory "16"]
[SourceTitle "CBM 041"]
[Source "ChessBase"]
[SourceDate "1994.08.01"]
[SourceVersion "1"]
[SourceVersionDate "1994.08.01"]
[SourceQuality "1"]

1. d4 {Gelfand} f5 2. g3 Nf6 3. Bg2 g6 4. c4 Bg7 5. Nc3 O-O 6. Nf3 d6 7. O-O
Nc6 8. d5 Na5 9. Qa4 (9. Nd2 c5) 9... c5 10. dxc6 bxc6 (10... Nxc6 11. Rd1 Qa5
12. Qb3 $14) 11. c5 $1 {Eine wichtige Verbesserung in dieser scharfen Variante.
Das bisher gebräuch- liche 11.Nd4 hat sich als harmlos erwiesen:} (11. Nd4 Bd7
$1 12. Nxc6 Nxc6 13. Bxc6 Bxc6 14. Qxc6 Rc8 15. Qa4 Qd7 16. b3 d5 $1 17. Ba3
dxc4 18. Qxd7 Nxd7 19. Nd5 Kf7 20. Rac1 cxb3 21. axb3 Rfe8 $10 {Blees-Van Mil/
Wijk Sonnevanck/1993}) 11... dxc5 {N} (11... d5 12. Ne5 Ne4 13. Nxc6 Bd7 14.
Nxe7+ Kh8 15. c6 Be8 16. Rd1 $16 {Palac-Mencinger/Bled op/1992}) 12. Ne5 {
Für seinen geopferten Bauer hat Weiß eine ausgezeichnete Kompensation bekommen.
Der Doppelbauer 'c' ist schwach und der Na5 'hängt in der Luft'.} Qb6 (12...
Qc7 13. Nc4 (13. Bf4 $16) (13. Bf4 {Gelfand} g5 14. Bxg5 $16) 13... Nxc4 (13...
Nb7 14. Qxc6 Qxc6 15. Bxc6 $16) 14. Qxc4+ Kh8 15. Qxc5 $16) (12... Be6 {Gelfand
} 13. Nxc6 Nxc6 14. Qxc6 Qb6 15. Qxb6 axb6 16. Bxa8 Rxa8 17. Bd2 Ne8 18. Rfc1
Nd6 19. b3 b5 20. Rab1 Bxc3 21. Bxc3 Rxa2 22. Be5 Rxe2 23. Rxc5 $16 {
Bezold-Glek,Bad Ragaz,1994}) 13. Qc2 $5 {/\Na4.Etwas energischer sah 13.Be3
aus.} (13. Nxc6 Nxc6 14. Qxc6 Qxc6 15. Bxc6 Rb8 $13) (13. Be3 $1 Be6 (13... Ng4
14. Nxg4 fxg4 15. Ne4 $16) (13... Rb8 14. Nc4 Nxc4 15. Qxc4+ Kh8 16. Bxc5 Qa6
17. Qxa6 Bxa6 18. Rab1 Rb7 19. Rfd1 $16 {><a7,c6,e7}) 14. Qa3 Ne4 (14... Qb4
15. Bxc5 Qxa3 16. Bxa3 $16) (14... Nb7 15. Nxc6 Rfe8 16. Na4 $16) 15. Nxe4 Bxe5
16. Nxc5 Bxb2 17. Nxe6 Bxa3 18. Bxb6 axb6 19. Nxf8 Kxf8 20. Rad1 $16) 13... Qc7
$1 14. Nd3 (14. Bf4 g5 (14... Nh5 $2 15. Nxg6 $1) 15. Nxc6 gxf4 16. Nxa5 Rb8
$132) 14... c4 (14... Nd7 {Gelfand} 15. Bd2 $1 (15. Na4 $6 c4 16. Ndc5 Nxc5 17.
Nxc5 Rb8 $15) 15... c4 (15... Nc4 $2 16. Nd5 $1 $18) 16. Nf4 Nf6 17. Na4 $16)
15. Nc5 {Hier steht der weiße Springer hervorragend,vor allem wird von ihm die
normale Entwicklung des Bc8 verhindert.} Rb8 (15... Nb7 $5 {kam sehr in
Betracht,um den Na5 auf eine bessere Position zu bringen.} 16. N3a4 (16. Nxb7
Qxb7 (16... Bxb7 $6 17. Qa4 $14) 17. Qa4 Qa6 $1 $10 {Gelfand} 18. Bxc6 (18.
Qxa6 Bxa6 19. Bf4 Ne4 20. Bxe4 Bxc3 $1 (20... fxe4 21. Rac1 $14) 21. bxc3 (21.
Bxc6 Bxb2 22. Rab1 c3 23. Bd5+ Kg7 24. Be5+ Kh6 25. Bxa8 Rxa8 26. Rxb2 cxb2 27.
Bxb2 $10) 21... fxe4 $10) 18... Rb8) 16... Nd6 17. Rd1 (17. Bf4 Nd5 18. Bxd6 $2
exd6 19. Qxc4 dxc5 20. Bxd5+ cxd5 21. Qxd5+ Kh8 22. Qxa8 Bd7 $17) (17. Bd2 Nd5
18. e4 fxe4 19. Nxe4 Bf5 $13) 17... e5 (17... Rb8 18. Bf4 Nh5 19. Qxc4+ Kh8 20.
Bxd6 exd6 21. Na6 Bxa6 22. Qxa6 d5 23. Rac1 $16) 18. Bg5 (18. Bd2 $5) (18. b3
$5) 18... h6 19. Qd2 Nf7 20. Bxf6 Bxf6 21. Qc1 e4 22. Qxc4 Rb8 $13) (15... Ne8
$5 {Gelfand} 16. Bd2 Nd6 $13 17. Rad1 $14) 16. Bd2 {/\N3a4} Rd8 {/\Nd5} (16...
Nb7 $2 17. Na6 $18) (16... Nd7 $2 17. Ne6 $18) (16... Nd5 {Gelfand} 17. Nxd5
cxd5 18. Bxd5+ Kh8 19. Na4 $16) (16... Ne8 $142 $5 {Gelfand}) 17. N3a4 (17.
Rad1 $5 {Gelfand}) 17... Nd5 18. Rad1 $1 {Weiß findet die richtige Idee,
Aktionen auf der d-Linie sind angesagt.} (18. Bxa5 Qxa5 19. Qxc4 Bxb2 20. Nb3
Rxb3 21. axb3 Bxa1 22. Rxa1 Bb7 $10) 18... e5 {/\e4} (18... Nb4 $5 19. Qb1 (19.
Qc1 $1 {Gelfand} Nxa2 $4 20. Bxa5 $18) 19... e5 20. Bg5 Rxd1 21. Rxd1 $16) 19.
e4 $1 {Der Nd5 hält die schwarze Stellung zusammen,deswegen muß er weg.} (19.
Bxa5 Qxa5 20. Qxc4 e4 $13) 19... Nb4 (19... fxe4 20. Qxe4 (20. Bxe4 $16 {
Gelfand}) 20... Bf5 21. Qe1 $1 Rb5 (21... c3 22. Nxc3 $16) 22. Na6 Qb7 23. Bxa5
Qxa6 24. Bxd8 Qxa4 25. b3 cxb3 26. axb3 Qxb3 27. Qd2 $14) 20. Bxb4 Rxb4 21.
Rxd8+ Qxd8 22. Rd1 Qf8 (22... Qc7 $5 23. Bh3 $1 (23. Qd2 $6 Rb8 24. Qd8+ Qxd8
25. Rxd8+ Kf7 $13 {/\Bf6}) 23... fxe4 24. Ne6 $1 Bxe6 25. Bxe6+ Kh8 26. Rd7 Qb8
27. Qd2 Bf6 28. Qh6 $18) 23. Qd2 (23. exf5 $5 {Gelfand Topalov} Bxf5 24. Qd2
Rb5 $16) 23... Rb5 $8 24. Qd8 {Der Plan von Weiß ist vollkommen gelungen.Wegen
seines lahmgelegten Bc8 konnte Schwarz die d-Vertikale nicht halten.} Bf6 (
24... Nb7 25. Qc7 (25. Nxb7 Rxb7 $13) 25... c3 (25... Nxc5 26. Rd8 Nxa4 27.
Rxf8+ Bxf8 28. Qxc8 $16) 26. bxc3 Nxc5 27. Nxc5 (27. Rd8 $2 Rb1+ 28. Bf1 Ba6
29. Rxf8+ Bxf8 30. Nxc5 Bxf1 $17) 27... Bf6 28. Nd7 Bxd7 29. Qxd7 $16) 25. Qc7
Be7 (25... f4 {Gelfand} 26. gxf4 exf4 27. e5 Be7 28. Ne4 $1 {Gulko} f3 (28...
Bg4 29. f3 (29. Rd2 f3 (29... Rb7 30. Qxa5 Bb4 31. Qa6 $18) 30. Nf6+ Bxf6 31.
exf6 $18) 29... Bf5 (29... Rd5 30. Rxd5 cxd5 31. Nf6+ Bxf6 32. exf6 $18) 30.
Nf6+ Kh8 31. Nc3 $18) 29. Nf6+ Kh8 30. Bxf3 $18) 26. Bh3 $1 $16 {Eine
bildschöne Stellung! Alle schwarzen Figuren sind passiv und müssen entweder
eineinder oder verschiedene Schwachstellen in ihrem Lager verteidigen.Kein
Wunder,daß Schwarz in Zugzwang geraten ist.} (26. Nd7 {Gelfand} Bxd7 27. Rxd7
$2 Rb7 28. Qxe5 $16) 26... Kg7 (26... a6 27. exf5 gxf5 28. Nb6 Rxc5 29. Nxc8
Bg5 30. Rd7 $18) (26... Nb7 27. Nd7 Bxd7 28. Rxd7 Nc5 29. Nxc5 Bxc5 30. Rd8 $18
) (26... Qe8 27. Qxe5 Nb7 28. Bf1 Rxc5 29. Nxc5 Nxc5 30. Bxc4+ $18) (26... Bf6
27. Qxa7 $16) 27. exf5 gxf5 28. Qxe5+ {Das materielle Gleichgewicht ist
wiederhergestellt.} Kg6 (28... Kg8 29. Qc7 $16) (28... Qf6 29. Qc7 $16) 29. Qc7
a6 (29... Bxc5 {Gelfand} 30. Nxc5 Rxc5 31. Rd6+ $18) (29... Rxc5 {Gelfand} 30.
Nxc5 Bxc5 31. Rd8 $18) 30. Nd7 {Jetzt ist es an der Zeit,zum entscheidenden
Königsangriff überzugehen.} Bxd7 31. Qxd7 Qf6 32. Re1 Rb7 (32... Re5 33. Rxe5
Qxe5 34. Bxf5+ Qxf5 35. Qxe7 Qc2 $2 36. Qd6+ Kh5 37. Qc5+ $18) 33. Qc8 Kg7 34.
Bxf5 $18 Qd4 35. Bb1 $1 $40 (35. Bxh7 Kxh7 36. Qf5+ Kg7 37. Qxa5 $18) (35. Bc2
$1 {Gelfand} Qd2 36. Qg4+ $18) 35... Bb4 36. Rf1 Rf7 37. Qh3 h6 38. Qh5 Rf6 39.
Nc3 $1 Bxc3 40. bxc3 Qxc3 41. Rd1 Qf3 42. Rd7+ Kf8 (42... Kh8 43. Rh7+ Kg8 44.
Qe8+ Rf8 45. Qg6#) 43. Rd8+ Kg7 44. Rd7+ Kf8 45. Qc5+ Kg8 46. Bh7+ Kh8 47. Qa7
Rf8 (47... Nb7 {Gelfand} 48. Be4 $1) (47... c5 {Gelfand} 48. Rd8+ Rf8 49. Rxf8+
Qxf8 50. Be4) 48. Bc2 (48. Bc2 Qc3 49. Rd8 $1) 1-0